[Event "6. Lovsprings EMT Basis 1 1994"]
[Site "Ringsted"]
[Date "1994.03.27"]]
[Round "1"]
[White "Jorgensen, Gert"]
[Black "Christensen, Henrik"]
[Result "1-0"]
[WhiteElo "1785"]
[BlackElo "1804"]
[PlyCount "61"]
[EventDate "1994.??.??"]

1. e4 d5 2. exd5 Qxd5 3. Nc3 Qa5 4. Nf3 Nf6 5. Bc4 Bf5 6. O-O e6 7. d4 c6 8.
Bf4 Be7 9. Re1 O-O 10. Nh4 Nbd7 11. a3 h6 12. b4 Bxb4 13. axb4 Qxb4 14. Ra4
Qxc3 15. Nxf5 Qb2 16. Bc1 Qb6 17. Nxh6+ gxh6 18. Bxh6 Kh7 19. Bxf8 Nxf8 20. Qf3
Kg7 21. h4 Qxd4 22. Bb3 Qd6 23. h5 N8h7 24. c3 b5 25. Rd4 Qc5 26. Bd1 a5 27.
Qe3 Qg5 28. f4 Qc5 29. h6+ Kxh6 30. f5+ Kg7 31. Rg4+ 1-0

[Event "6. Lovsprings EMT Basis 1 1994"]
[Site "Ringsted"]
[Date "1994.03.27"]]
[Round "1"]
[White "Pedersen, Henrik Dahl"]
[Black "Jorgensen, Lars"]
[Result "0-1"]
[WhiteElo "1875"]
[BlackElo "1748"]
[PlyCount "50"]
[EventDate "1994.??.??"]

1. c4 e5 2. Nc3 Nf6 3. g3 c6 4. d4 exd4 5. Qxd4 d5 6. Bg5 Be7 7. cxd5 cxd5 8.
Bg2 Nc6 9. Qa4 O-O 10. Rd1 Qb6 11. Qb5 d4 12. Qxb6 axb6 13. Nb5 Rxa2 14. Nf3
Rxb2 15. Nfxd4 Bb4+ 16. Kf1 Nxd4 17. Nxd4 Rd8 18. Rc1 Bc5 19. Nf3 Re8 20. Nd2
Bg4 21. f3 Bd7 22. Bxf6 Rxd2 23. Bg5 Rdxe2 24. h3 Rf2+ 25. Kg1 Ree2 0-1

[Event "6. Lovsprings EMT Basis 1 1994"]
[Site "Ringsted"]
[Date "1994.03.27"]]
[Round "1"]
[White "Hansen, Morten Lyck"]
[Black "Rasmussen, Henning"]
[Result "1/2-1/2"]
[WhiteElo "1826"]
[BlackElo "1883"]
[PlyCount "82"]
[EventDate "1994.??.??"]

1. e4 e6 2. d4 d5 3. Nd2 c5 4. exd5 Qxd5 5. Ngf3 cxd4 6. Bc4 Qd8 7. O-O Nc6 8.
Nb3 Be7 9. Nbxd4 Nxd4 10. Nxd4 Bf6 11. Nb5 Qxd1 12. Rxd1 Be5 13. f4 Bb8 14.
Nd6+ Bxd6 15. Rxd6 Ke7 16. Rd3 Nf6 17. Bd2 Rd8 18. Bb4+ Ke8 19. Rxd8+ Kxd8 20.
Rd1+ Bd7 21. Bf8 g6 22. Bg7 Nd5 23. Bxd5 exd5 24. Rxd5 Rc8 25. c3 Rc6 26. Bd4
b6 27. Re5 Re6 28. Kf2 Rxe5 29. Bxe5 Be6 30. a3 Kd7 31. Ke3 Kc6 32. Kd4 b5 33.
Bg7 h5 34. h3 Bd5 35. g4 hxg4 36. hxg4 Be6 37. g5 Bb3 38. Bf8 Be6 39. Bb4 a6
40. Bf8 Bb3 41. Bb4 Be6 1/2-1/2

[Event "6. Lovsprings EMT Basis 1 1994"]
[Site "Ringsted"]
[Date "1994.03.27"]]
[Round "1"]
[White "Lindskov, Villy"]
[Black "Jensen, Karsten"]
[Result "1-0"]
[WhiteElo "1785"]
[BlackElo "1828"]
[PlyCount "101"]
[EventDate "1994.??.??"]

1. e4 c5 2. Nf3 e6 3. d4 cxd4 4. Nxd4 Nf6 5. Nc3 Nc6 6. Nb3 Be7 7. Be2 a6 8.
Be3 b5 9. a3 O-O 10. f4 b4 11. axb4 Bxb4 12. Bf3 Bxc3+ 13. bxc3 Qc7 14. O-O Rd8
15. e5 Ne8 16. Be4 f5 17. exf6 Nxf6 18. Bd3 d6 19. Qe2 a5 20. Nd4 Ne7 21. Bd2
Qc5 22. Kh1 Qh5 23. Qxh5 Nxh5 24. c4 a4 25. Rfe1 Kf7 26. g3 Nf6 27. Bb4 Ne8 28.
Kg1 Bd7 29. Nb5 Ra6 30. Re2 Rb8 31. Ba3 d5 32. Nd4 dxc4 33. Bxc4 Rab6 34. Rae1
Nc7 35. Nf3 Nc6 36. Ng5+ Kg8 37. Nxe6 Bxe6 38. Bxe6+ Kh8 39. c3 Rb1 40. Kf2
Rxe1 41. Rxe1 Rd8 42. Bc4 Na5 43. Bf1 h6 44. Re4 Rd2+ 45. Ke1 Rxh2 46. Rxa4 Rh5
47. Bd6 Ne6 48. Be5 Nc6 49. Ra8+ Kh7 50. Bd3+ g6 51. Rh8# 1-0

[Event "6. Lovsprings EMT Basis 1 1994"]
[Site "Ringsted"]
[Date "1994.03.27"]]
[Round "1"]
[White "Flindt, Thomas"]
[Black "Hansen, Jens Hjort"]
[Result "1-0"]
[WhiteElo "1780"]
[BlackElo "1807"]
[PlyCount "59"]
[EventDate "1994.??.??"]

1. e4 c5 2. Nf3 Nc6 3. d4 cxd4 4. Nxd4 d6 5. Nc3 a6 6. Be3 Nf6 7. Bd3 e6 8. Qd2
Qc7 9. Rb1 b5 10. f3 Bb7 11. a4 b4 12. Nce2 d5 13. exd5 Nxd5 14. c4 Nxe3 15.
Qxe3 Nxd4 16. Qxd4 Rd8 17. Qe3 Bc5 18. Qd2 Qb6 19. Rd1 O-O 20. Qf4 Bf2+ 21. Kf1
e5 22. Qxe5 Rfe8 23. a5 Qa7 24. Qc7 Qe3 25. Qb6 Rxd3 26. Qxe3 Rdxe3 27. Kxf2
Rxe2+ 28. Kg3 Rxb2 29. Rhe1 Rxe1 30. Rd8+ 1-0

[Event "6. Lovsprings EMT Basis 1 1994"]
[Site "Ringsted"]
[Date "1994.03.27"]]
[Round "1"]
[White "Madsen, Morten"]
[Black "Larsen, Jacob"]
[Result "1/2-1/2"]
[WhiteElo "1758"]
[BlackElo "1759"]
[PlyCount "62"]
[EventDate "1994.??.??"]

1. e4 c5 2. c3 Nf6 3. e5 Nd5 4. d4 e6 5. Nf3 Qb6 6. Na3 cxd4 7. Nc4 Qc7 8. cxd4
Nc6 9. a3 Be7 10. Bg5 f6 11. Bh4 b5 12. exf6 Bxf6 13. Bg3 Nf4 14. Ne3 O-O 15.
Be2 Bb7 16. O-O Nxe2+ 17. Qxe2 Qb6 18. d5 Nd4 19. Nxd4 Bxd4 20. dxe6 Qc6 21.
Rad1 Bxe3 22. fxe3 dxe6 23. Rf4 Rad8 24. Rdf1 Rxf4 25. Bxf4 b4 26. Qf2 Ba6 27.
Bg5 Bxf1 28. Bxd8 bxa3 29. bxa3 Bd3 30. Qd2 Qd6 31. Be7 Qxe7 1/2-1/2

[Event "6. Lovsprings EMT Basis 1 1994"]
[Site "Ringsted"]
[Date "1994.03.27"]]
[Round "1"]
[White "Larsen, Soren M"]
[Black "Mott, Jens"]
[Result "1-0"]
[WhiteElo "1848"]
[BlackElo "1838"]
[PlyCount "159"]
[EventDate "1994.??.??"]

1. Nf3 Nf6 2. c4 e6 3. g3 d5 4. cxd5 exd5 5. d4 Bd6 6. Bg2 Nbd7 7. Nc3 c6 8.
Qc2 O-O 9. O-O Re8 10. Re1 Nf8 11. e4 Nxe4 12. Nxe4 Rxe4 13. Rxe4 dxe4 14. Qxe4
f6 15. Bd2 Be6 16. b3 Qd7 17. Re1 Re8 18. Qd3 Ng6 19. Be3 Bf7 20. Bd2 Rd8 21.
Be3 Bc5 22. Qc3 Bb6 23. a4 a5 24. d5 Bxe3 25. dxc6 Bxf2+ 26. Kxf2 Qxc6 27. Qxa5
b6 28. Qb5 Qxb5 29. axb5 Rd5 30. Bf1 Rc5 31. Bc4 Kf8 32. Ra1 Ne7 33. Ra8+ Nc8
34. Bxf7 Kxf7 35. Nd4 Ke7 36. Ke3 Rc3+ 37. Kd2 Rc7 38. Kd3 g6 39. Ra1 Kf7 40.
Ra6 f5 41. h4 Rc5 42. Ra4 Nd6 43. Ra7+ Kg8 44. Ra6 Nc8 45. Ra4 Nd6 46. Ra6 f4
47. gxf4 Rd5 48. Ke3 Nxb5 49. Ne6 Rd6 50. Ra8+ Kf7 51. Ng5+ Kg7 52. Rb8 h6 53.
Rb7+ Kf8 54. Nf3 Nc3 55. Ne5 Nd5+ 56. Ke4 Nf6+ 57. Kf3 Nh5 58. Rxb6 Rd1 59.
Nxg6+ Kg7 60. b4 Nf6 61. Ne5 Rd4 62. Rb7+ Kg8 63. b5 Rb4 64. Rb8+ Kg7 65. b6
Rb3+ 66. Ke2 Nd5 67. b7 Nxf4+ 68. Kf2 Nh3+ 69. Kf1 Rb1+ 70. Kg2 Nf4+ 71. Kf3
Nh5 72. Nc4 Nf6 73. Nd6 Rb3+ 74. Ke2 Rb2+ 75. Kd3 Nd7 76. Rc8 Rb1 77. Kc2 Rb6
78. Rc7 Rxd6 79. Rxd7+ Rxd7 80. b8=Q 1-0

[Event "6. Lovsprings EMT Basis 1 1994"]
[Site "Ringsted"]
[Date "1994.03.27"]]
[Round "1"]
[White "Larsen, Bjorn"]
[Black "Dongart, Dennis"]
[Result "0-1"]
[WhiteElo "1877"]
[BlackElo "1886"]
[PlyCount "100"]
[EventDate "1994.??.??"]

1. d4 Nf6 2. Nf3 g6 3. c4 Bg7 4. Nc3 d5 5. Qb3 dxc4 6. Qxc4 O-O 7. Bf4 c6 8.
Qb3 Nbd7 9. e4 Qa5 10. Bd2 Qc7 11. e5 Ng4 12. e6 Nb6 13. exf7+ Kh8 14. Bd3 Qd6
15. Ne4 Qd5 16. Qxd5 Nxd5 17. O-O Nh6 18. Rae1 Nf5 19. Nc3 Nxd4 20. Nxd4 Bxd4
21. Nxd5 cxd5 22. Rxe7 Kg7 23. Rc1 Bf6 24. Rec7 Bxb2 25. Bc3+ Bxc3 26. R1xc3 b6
27. Be2 Be6 28. Bf3 d4 29. R3c6 Rac8 30. a3 Rxc7 31. Rxc7 Rxf7 32. Rxf7+ Kxf7
33. Kf1 Ke7 34. Ke2 Bc4+ 35. Kd2 Kd6 36. Bd1 Kc5 37. h4 Bd5 38. g4 Bf7 39. f4
b5 40. Bc2 a5 41. f5 gxf5 42. Bxf5 Bg8 43. g5 Kd6 44. h5 Ke5 45. Bc2 b4 46.
axb4 axb4 47. g6 h6 48. Kd3 b3 49. Bb1 Be6 50. Kd2 Kf4 0-1

[Event "6. Lovsprings EMT Basis 1 1994"]
[Site "Ringsted"]
[Date "1994.04.03"]]
[Round "2"]
[White "Jorgensen, Lars"]
[Black "Jorgensen, Gert"]
[Result "1/2-1/2"]
[WhiteElo "1748"]
[BlackElo "1785"]
[PlyCount "25"]
[EventDate "1994.??.??"]

1. d4 Nf6 2. c4 e6 3. Nc3 d5 4. Bg5 Be7 5. e3 Nbd7 6. Nf3 h6 7. Bh4 b6 8. cxd5
Nxd5 9. Bxe7 Nxe7 10. Rc1 Nf6 11. Bd3 Bb7 12. O-O O-O 13. Ne5 1/2-1/2

[Event "6. Lovsprings EMT Basis 1 1994"]
[Site "Ringsted"]
[Date "1994.04.03"]]
[Round "2"]
[White "Flindt, Thomas"]
[Black "Lindskov, Villy"]
[Result "1/2-1/2"]
[WhiteElo "1780"]
[BlackElo "1785"]
[PlyCount "82"]
[EventDate "1994.??.??"]

1. e4 c6 2. d4 d5 3. Nc3 dxe4 4. Bc4 Nf6 5. f3 e3 6. Bxe3 e6 7. Bg5 Be7 8. Qd2
Nbd7 9. Nge2 Nb6 10. Bd3 Nbd5 11. Nxd5 cxd5 12. c3 Bd7 13. O-O O-O 14. Qc2 g6
15. Bh6 Re8 16. g4 Qb6 17. Kg2 Bb5 18. Nf4 Bf8 19. Bg5 Bg7 20. h4 Bxd3 21. Nxd3
Nd7 22. Rae1 Rac8 23. Qd2 Kh8 24. Be3 Qd6 25. Ne5 Qe7 26. Nxd7 Qxd7 27. h5 g5
28. f4 e5 29. f5 e4 30. Kh3 f6 31. Bf2 Bf8 32. Bg3 Bd6 33. Re3 Bxg3 34. Kxg3
Qc7+ 35. Kh3 b5 36. a4 a6 37. Ra1 Ra8 38. a5 Rac8 39. b4 Qf4 40. Qe2 Rc4 41.
Ra3 Rec8 1/2-1/2

[Event "6. Lovsprings EMT Basis 1 1994"]
[Site "Ringsted"]
[Date "1994.04.03"]]
[Round "2"]
[White "Dongart, Dennis"]
[Black "Larsen, Soren M"]
[Result "1/2-1/2"]
[WhiteElo "1886"]
[BlackElo "1848"]
[PlyCount "31"]
[EventDate "1994.??.??"]

1. e4 c5 2. Nf3 Nc6 3. Bb5 g6 4. O-O Bg7 5. c3 e5 6. d3 Nge7 7. Be3 d6 8. Qd2
a6 9. Bh6 O-O 10. Bxg7 Kxg7 11. Ba4 b5 12. Bc2 h6 13. d4 Ng8 14. Qe3 cxd4 15.
cxd4 Qb6 16. dxe5 1/2-1/2

[Event "6. Lovsprings EMT Basis 1 1994"]
[Site "Ringsted"]
[Date "1994.04.03"]]
[Round "2"]
[White "Holst, Peter Stein"]
[Black "Rasmussen, Henning"]
[Result "1/2-1/2"]
[WhiteElo "1752"]
[BlackElo "1883"]
[PlyCount "29"]
[EventDate "1994.??.??"]

1. e4 e6 2. d4 d5 3. Nc3 Nf6 4. e5 Nfd7 5. f4 c5 6. Nf3 Nc6 7. Be3 Qb6 8. a3
cxd4 9. Nxd4 Nxd4 10. Bxd4 Bc5 11. Na4 Qa5+ 12. c3 Bxd4 13. Qxd4 O-O 14. Bd3 g6
15. O-O 1/2-1/2

[Event "6. Lovsprings EMT Basis 1 1994"]
[Site "Ringsted"]
[Date "1994.04.03"]]
[Round "2"]
[White "Rasmussen, Steen H"]
[Black "Hansen, Morten Lyck"]
[Result "1/2-1/2"]
[WhiteElo "1853"]
[BlackElo "1826"]
[PlyCount "70"]
[EventDate "1994.??.??"]

1. e4 c5 2. d4 cxd4 3. c3 dxc3 4. Nxc3 Nc6 5. Nf3 a6 6. Bc4 e6 7. O-O Qc7 8.
Qe2 Bd6 9. Be3 Nge7 10. Rac1 O-O 11. Bb3 Ng6 12. g3 b5 13. Nd4 Nxd4 14. Bxd4
Qb8 15. Rfe1 Be5 16. Bxe5 Nxe5 17. h4 Bb7 18. h5 h6 19. Rcd1 Qd8 20. f4 Nc6 21.
Qd3 Qb6+ 22. Kh2 Rad8 23. Re2 Qc5 24. e5 Nb4 25. Qe3 d6 26. Rxd6 Qxe3 27. Rxe3
Rxd6 28. exd6 Rd8 29. f5 Rxd6 30. fxe6 fxe6 31. Bxe6+ Kf8 32. Re2 Nd3 33. Bf5
Nc5 34. Bg6 Re6 35. Rf2+ Rf6 1/2-1/2

[Event "6. Lovsprings EMT Basis 1 1994"]
[Site "Ringsted"]
[Date "1994.04.03"]]
[Round "2"]
[White "Christensen, Henrik"]
[Black "Larsen, Jacob"]
[Result "1-0"]
[WhiteElo "1804"]
[BlackElo "1759"]
[PlyCount "47"]
[EventDate "1994.??.??"]

1. e4 d6 2. f4 e5 3. Nf3 Bg4 4. Bc4 Qd7 5. d4 exd4 6. O-O Nc6 7. c3 dxc3 8.
Nxc3 O-O-O 9. Nd5 Nge7 10. Be3 f5 11. Qa4 fxe4 12. Ng5 a5 13. Rac1 h6 14. Nf7
Be6 15. Nxe7+ Bxe7 16. Nxd8 Bxd8 17. Bb5 Bd5 18. Rfd1 Qf5 19. Rxc6 bxc6 20.
Bxc6 Bxc6 21. Qxc6 g5 22. Rxd6 Kb8 23. Rd5 Qf6 24. Ba7+ 1-0

[Event "6. Lovsprings EMT Basis 1 1994"]
[Site "Ringsted"]
[Date "1994.04.03"]]
[Round "2"]
[White "Pedersen, Henrik Dahl"]
[Black "Madsen, Morten"]
[Result "1-0"]
[WhiteElo "1875"]
[BlackElo "1758"]
[PlyCount "63"]
[EventDate "1994.??.??"]

1. e4 e5 2. Nf3 f5 3. exf5 d6 4. d4 Bxf5 5. dxe5 Nc6 6. Bb5 Bg4 7. exd6 Bxd6 8.
O-O Nge7 9. Qd3 Qd7 10. Nd4 O-O 11. Bg5 a6 12. Nxc6 bxc6 13. Bxe7 Qxe7 14. Bxc6
Rab8 15. Nd2 Kh8 16. Rae1 Qh4 17. g3 Qh5 18. b3 Rbd8 19. Qe3 Bc5 20. Qe5 Bb4
21. Qxh5 Bxh5 22. Re5 Rxd2 23. Rxh5 g6 24. Rh4 Bc5 25. Be4 Bxf2+ 26. Kh1 Kg7
27. Bd3 a5 28. a4 h6 29. Re4 h5 30. Re6 Rf6 31. Rxf6 Kxf6 32. Kg2 1-0

[Event "6. Lovsprings EMT Basis 1 1994"]
[Site "Ringsted"]
[Date "1994.04.03"]]
[Round "2"]
[White "Hansen, Jens Hjort"]
[Black "Jensen, Karsten"]
[Result "1-0"]
[WhiteElo "1807"]
[BlackElo "1828"]
[PlyCount "39"]
[EventDate "1994.??.??"]

1. d4 d5 2. c4 e6 3. Nc3 c6 4. Nf3 Nf6 5. Bg5 Be7 6. e3 Nbd7 7. Bd3 dxc4 8.
Bxc4 Nb6 9. Bd3 O-O 10. e4 h6 11. Bh4 c5 12. dxc5 Bxc5 13. e5 g5 14. exf6 gxh4
15. O-O Qxf6 16. Ne4 Qe7 17. Ne5 Bd4 18. Qg4+ Kh8 19. Qh5 Bxe5 20. Qxh6+ 1-0

[Event "6. Lovsprings EMT Basis 1 1994"]
[Site "Ringsted"]
[Date "1994.04.03"]]
[Round "2"]
[White "Mott, Jens"]
[Black "Larsen, Bjorn"]
[Result "0-1"]
[WhiteElo "1838"]
[BlackElo "1877"]
[PlyCount "84"]
[EventDate "1994.??.??"]

1. d4 f5 2. c4 Nf6 3. Nf3 g6 4. Nc3 Bg7 5. e3 O-O 6. Bd3 d6 7. Qc2 Nc6 8. a3 e5
9. d5 Ne7 10. Ng5 h6 11. Nh3 e4 12. Be2 g5 13. f4 g4 14. Ng1 c6 15. dxc6 bxc6
16. Bd2 Qb6 17. Na4 Qc7 18. Bc3 c5 19. Rd1 Bd7 20. Rd2 Qc6 21. Bxf6 Bxf6 22.
Nc3 Rab8 23. b3 a6 24. Bd1 Be6 25. Na4 Rfc8 26. Ne2 d5 27. O-O dxc4 28. bxc4
Rd8 29. Rxd8+ Rxd8 30. Nc1 Nc8 31. Be2 Nb6 32. Nxb6 Qxb6 33. Nb3 Bd7 34. Qa2
Ba4 35. Rb1 h5 36. Nd2 Rxd2 37. Rxb6 Rxa2 38. Bxg4 fxg4 39. Rxa6 Bd4 40. exd4
cxd4 41. Rxa4 d3 42. Kf1 e3 0-1

[Event "6. Lovsprings EMT Basis 1 1994"]
[Site "Ringsted"]
[Date "1994.04.10"]]
[Round "3"]
[White "Lindskov, Villy"]
[Black "Jorgensen, Gert"]
[Result "1/2-1/2"]
[WhiteElo "1785"]
[BlackElo "1785"]
[PlyCount "58"]
[EventDate "1994.??.??"]

1. e4 e6 2. d4 d5 3. Nd2 c5 4. exd5 Qxd5 5. Ngf3 cxd4 6. Bc4 Qd8 7. O-O Nf6 8.
Nb3 Be7 9. Nbxd4 O-O 10. Qe2 Qb6 11. c3 Nc6 12. Rd1 Bc5 13. Nb3 Be7 14. Be3 Qc7
15. Bg5 a6 16. a4 Ne8 17. Bxe7 Qxe7 18. Nbd4 Nxd4 19. Rxd4 Nf6 20. Rad1 Bd7 21.
Bb3 Bc6 22. Ne5 Rac8 23. Bc2 Qc7 24. Rh4 Rfd8 25. Rhd4 Rxd4 26. Rxd4 Be8 27. h3
Rd8 28. Qd3 Rxd4 29. Qxd4 Nd7 1/2-1/2

[Event "6. Lovsprings EMT Basis 1 1994"]
[Site "Ringsted"]
[Date "1994.04.10"]]
[Round "3"]
[White "Jorgensen, Lars"]
[Black "Flindt, Thomas"]
[Result "1-0"]
[WhiteElo "1748"]
[BlackElo "1780"]
[PlyCount "97"]
[EventDate "1994.??.??"]

1. e4 c5 2. Nf3 Nc6 3. d4 cxd4 4. c3 dxc3 5. Nxc3 d6 6. Bc4 Nf6 7. e5 dxe5 8.
Qxd8+ Kxd8 9. Ng5 Nd4 10. Nxf7+ Ke8 11. O-O Rg8 12. Nxe5 e6 13. Rd1 Bd6 14. f4
Bc5 15. Na4 Nf3+ 16. Kh1 Nxe5 17. fxe5 Ne4 18. Bb5+ Ke7 19. Nxc5 Nxc5 20. Bg5+
Kf7 21. Rf1+ Kg6 22. Be3 Bd7 23. Be2 Rac8 24. b4 Ne4 25. Bd3 Bc6 26. Rf4 Rgf8
27. Bxe4+ Bxe4 28. Rxe4 Kf5 29. Rf4+ Kxe5 30. Rxf8 Rxf8 31. Bxa7 Kd5 32. Bc5
Rc8 33. Rd1+ Ke4 34. a4 e5 35. g3 Kf3 36. Rd3+ Ke4 37. Rd7 b6 38. Bxb6 Kf3 39.
Rd3+ Ke4 40. Re3+ Kd5 41. a5 Rc1+ 42. Kg2 Rc2+ 43. Kf3 g5 44. a6 h5 45. h3 Ra2
46. a7 e4+ 47. Rxe4 g4+ 48. hxg4 hxg4+ 49. Rxg4 1-0

[Event "6. Lovsprings EMT Basis 1 1994"]
[Site "Ringsted"]
[Date "1994.04.10"]]
[Round "3"]
[White "Hansen, Morten Lyck"]
[Black "Dongart, Dennis"]
[Result "0-1"]
[WhiteElo "1826"]
[BlackElo "1886"]
[PlyCount "80"]
[EventDate "1994.??.??"]

1. e4 c6 2. d4 d5 3. exd5 cxd5 4. c4 Nf6 5. Nc3 e6 6. c5 Be7 7. Bf4 O-O 8. Nf3
b6 9. b4 Bb7 10. Bd3 a5 11. Bxb8 Qxb8 12. a3 Ne4 13. Bxe4 dxe4 14. Ne5 axb4 15.
axb4 Rd8 16. Rxa8 Bxa8 17. O-O bxc5 18. bxc5 Bxc5 19. Qh5 Bxd4 20. Qxf7+ Kh8
21. Ng6+ hxg6 22. Rb1 Qa7 23. Qxe6 Bxc3 24. Qh3+ Kg8 25. Qxc3 Rf8 26. Qb3+ Qf7
27. Qe3 Bd5 28. Ra1 Ra8 29. Rc1 Rd8 30. h3 Rb8 31. Qg3 Re8 32. Rc7 Re7 33. Rc8+
Re8 34. Rc7 Qe6 35. Ra7 e3 36. Qc7 exf2+ 37. Kh2 Qe5+ 38. Qxe5 Rxe5 39. Ra1 Re1
40. Rxe1 fxe1=Q 0-1

[Event "6. Lovsprings EMT Basis 1 1994"]
[Site "Ringsted"]
[Date "1994.04.10"]]
[Round "3"]
[White "Larsen, Bjorn"]
[Black "Hansen, Jens Hjort"]
[Result "1-0"]
[WhiteElo "1877"]
[BlackElo "1807"]
[PlyCount "119"]
[EventDate "1994.??.??"]

1. d4 Nf6 2. Nc3 d5 3. f3 c5 4. e4 cxd4 5. Qxd4 Nc6 6. Bb5 Bd7 7. Bxc6 Bxc6 8.
e5 Nd7 9. e6 fxe6 10. f4 Qb6 11. Nf3 e5 12. Qxb6 Nxb6 13. fxe5 e6 14. Ne2 Bc5
15. Ned4 Bd7 16. b3 O-O 17. Bb2 Nc8 18. O-O-O h6 19. g4 g6 20. Nh4 Ne7 21. Rhf1
Kg7 22. Rf6 Rxf6 23. exf6+ Kxf6 24. Ndf3+ Kf7 25. Ne5+ Ke8 26. Nhxg6 Nxg6 27.
Nxg6 Bb5 28. Kd2 Rd8 29. a4 Ba6 30. Re1 Rd6 31. Be5 Rc6 32. Nf4 Kd7 33. Nd3
Bxd3 34. Kxd3 Bd6 35. Bxd6 Kxd6 36. Rf1 e5 37. h4 Ke7 38. Rf5 Ke6 39. Rh5 e4+
40. Kd2 Kf7 41. Rxd5 Rg6 42. g5 Ke6 43. Rb5 hxg5 44. hxg5 a6 45. Rb6+ Kf5 46.
Rxg6 Kxg6 47. Ke3 Kxg5 48. Kxe4 Kf6 49. Kd5 Ke7 50. Kc5 Kd7 51. Kb6 Kc8 52. b4
Kb8 53. b5 axb5 54. axb5 Ka8 55. c4 Kb8 56. c5 Ka8 57. Kc7 Ka7 58. b6+ Ka6 59.
c6 bxc6 60. b7 1-0

[Event "6. Lovsprings EMT Basis 1 1994"]
[Site "Ringsted"]
[Date "1994.04.10"]]
[Round "3"]
[White "Jensen, Karsten"]
[Black "Larsen, Jacob"]
[Result "0-1"]
[WhiteElo "1828"]
[BlackElo "1759"]
[PlyCount "83"]
[EventDate "1994.??.??"]

1. d4 Nf6 2. c4 c5 3. d5 e5 4. Nc3 d6 5. Bg5 Be7 6. Bxf6 Bxf6 7. e4 O-O 8. Bd3
g6 9. Nge2 Bg7 10. O-O f5 11. exf5 gxf5 12. Ng3 Rf6 13. Nh5 Rh6 14. g3 Qg5 15.
Nxg7 Qxg7 16. f4 e4 17. Be2 Nd7 18. Nb5 Nb6 19. b4 a6 20. Nxd6 Qd4+ 21. Qxd4
cxd4 22. Nxc8 Rxc8 23. c5 Nxd5 24. Bc4 Rd8 25. Rad1 d3 26. Kg2 Kg7 27. Bxd5
Rxd5 28. Rh1 Re6 29. h3 h5 30. Kf2 e3+ 31. Ke1 Rg6 32. Rg1 h4 33. g4 fxg4 34.
hxg4 h3 35. g5 h2 36. Rh1 Rdxg5 37. fxg5 Rxg5 38. Kf1 e2+ 39. Kf2 exd1=Q 40.
Rxd1 Rg1 41. Rxg1+ hxg1=Q+ 42. Kxg1 0-1

[Event "6. Lovsprings EMT Basis 1 1994"]
[Site "Ringsted"]
[Date "1994.04.10"]]
[Round "3"]
[White "Mott, Jens"]
[Black "Madsen, Morten"]
[Result "1-0"]
[WhiteElo "1838"]
[BlackElo "1758"]
[PlyCount "119"]
[EventDate "1994.??.??"]

1. e4 g6 2. d4 d6 3. Bc4 Bg7 4. Ne2 Nf6 5. f3 O-O 6. Be3 a6 7. a4 e5 8. dxe5
dxe5 9. O-O Qe7 10. Qe1 Be6 11. Qc3 Bxc4 12. Qxc4 Nbd7 13. a5 Rfc8 14. Nbc3 b5
15. Qc6 Bf8 16. Rfd1 Qe6 17. Qxe6 fxe6 18. g4 Bd6 19. Ng3 Rf8 20. Kg2 Nb8 21.
Nce2 Nc6 22. c3 Rf7 23. h4 b4 24. c4 b3 25. Ra4 Rb8 26. Rd3 Nd7 27. Nf1 Nc5 28.
Bxc5 Bxc5 29. Nd2 Bd4 30. Nxd4 Nxd4 31. c5 h5 32. gxh5 gxh5 33. Nc4 Nc6 34. Ra3
Rb5 35. Rdxb3 Rxc5 36. Rc3 Nd4 37. Nd2 Rb5 38. b3 Rb7 39. Rc5 Rf4 40. Rxe5 Rxh4
41. Ra1 Rf4 42. Rxh5 Rf7 43. Rah1 Rg7+ 44. Kf2 Kf7 45. Rc5 Ke7 46. e5 Rf7 47.
Rh4 Nf5 48. Rh8 Ra7 49. Rc4 Ng7 50. Rg8 Nf5 51. Rh8 Ng7 52. Rd4 Ne8 53. Rb4 Ra8
54. f4 Rd8 55. Nf3 Rd5 56. Ng5 Rf5 57. Rh7+ Kf8 58. Nxe6+ Kg8 59. Re7 Rxa5 60.
Rb8 1-0

[Event "6. Lovsprings EMT Basis 1 1994"]
[Site "Ringsted"]
[Date "1994.04.10"]]
[Round "3"]
[White "Christensen, Henrik"]
[Black "Holst, Peter Stein"]
[Result "1/2-1/2"]
[WhiteElo "1804"]
[BlackElo "1752"]
[PlyCount "183"]
[EventDate "1994.??.??"]

1. e4 d5 2. exd5 Qxd5 3. Nc3 Qa5 4. Bc4 Nf6 5. Nf3 Bf5 6. O-O e6 7. Re1 Nbd7 8.
Nd4 Qc5 9. Nxf5 Qxf5 10. d4 c6 11. Ne2 Bd6 12. f3 O-O-O 13. c3 h5 14. Bd3 Qa5
15. Qc2 Qc7 16. h3 Rdg8 17. f4 h4 18. Rf1 g6 19. b4 Nh5 20. Bd2 Ndf6 21. c4 Ng3
22. c5 Nxe2+ 23. Bxe2 Be7 24. a4 Nh5 25. Bc4 Ng3 26. Rfe1 Bf6 27. Be3 Rd8 28.
Rad1 Nf5 29. Qe4 Qd7 30. Bf2 Qc7 31. Bxe6+ fxe6 32. Qxe6+ Kb8 33. Qxf6 Qxf4 34.
Qe5+ Qxe5 35. Rxe5 Rhe8 36. Rxe8 Rxe8 37. Kf1 Rd8 38. Ke2 Kc7 39. Kf3 Kd7 40.
d5 Ke8 41. d6 Kf7 42. Kg4 Ke6 43. Re1+ Kd5 44. Bxh4 Nxh4 45. Kxh4 b6 46. Rc1 a5
47. bxa5 bxc5 48. Kg4 c4 49. Kf3 Kc5 50. a6 Rxd6 51. a7 Rd8 52. Rb1 Ra8 53. Rb7
Kd4 54. Ke2 c3 55. Kd1 Kd3 56. Rd7+ Kc4 57. h4 Rf8 58. g4 Rf1+ 59. Kc2 Rf2+ 60.
Kc1 Rf1+ 61. Rd1 Rf8 62. h5 gxh5 63. gxh5 Kb3 64. h6 Rf2 65. Rh1 Rc2+ 66. Kd1
Rd2+ 67. Ke1 Rd8 68. h7 c2 69. Ke2 Re8+ 70. Kd3 Rd8+ 71. Ke4 Re8+ 72. Kf5 Rh8
73. Ke6 c5 74. Kd5 c4 75. Rc1 c3 76. Kd4 Kb2 77. Rh1 Rd8+ 78. Kc4 Rc8+ 79. Kd3
c1=Q 80. Rxc1 Kxc1 81. h8=Q Rxh8 82. Kxc3 Ra8 83. Kb4 Rxa7 84. Kb5 Rb7+ 85. Kc6
Rb1 86. a5 Ra1 87. Kb6 Kb2 88. a6 Kb3 89. a7 Kb4 90. Kb7 Kb5 91. a8=Q Rxa8 92.
Kxa8 1/2-1/2

[Event "6. Lovsprings EMT Basis 1 1994"]
[Site "Ringsted"]
[Date "1994.04.10"]]
[Round "3"]
[White "Pedersen, Henrik Dahl"]
[Black "Rasmussen, Steen H"]
[Result "0-1"]
[WhiteElo "1875"]
[BlackElo "1853"]
[PlyCount "148"]
[EventDate "1994.??.??"]

1. e4 e5 2. Nf3 Nc6 3. Bc4 Bc5 4. c3 Nf6 5. d4 exd4 6. cxd4 Bb4+ 7. Nc3 Nxe4 8.
O-O Bxc3 9. d5 Bf6 10. dxc6 bxc6 11. Bd5 Nc5 12. Re1+ Ne6 13. Bxe6 fxe6 14. g4
g6 15. Bh6 Qe7 16. Rc1 Bg7 17. Bg5 Qf7 18. Nd4 O-O 19. Rc2 c5 20. Nb5 d6 21.
Re4 Qf3 22. Qxf3 Rxf3 23. Nxc7 Rb8 24. Kg2 Rf7 25. Ne8 Bb7 26. Nxd6 Bxe4+ 27.
Nxe4 Rxb2 28. Rxc5 Rxa2 29. Be3 a5 30. Ng5 Re7 31. Rc8+ Bf8 32. Bc5 Rc2 33. Ne4
Rf7 34. Ra8 Rc4 35. f3 a4 36. Bd6 Kg7 37. Be5+ Kg8 38. Ng5 a3 39. Nxf7 Kxf7 40.
Ra7+ Ke8 41. Rxh7 a2 42. Ra7 Rc2+ 43. Kg3 Bc5 44. Ra8+ Kf7 45. h4 Re2 46. Ba1
Bf2+ 47. Kh3 e5 48. Bxe5 Rxe5 49. Rxa2 Be1 50. Ra3 Bb4 51. Rb3 Bd6 52. Rd3 Ke6
53. g5 Re2 54. f4 Bxf4 55. Kg4 Bd6 56. Rf3 Rg2+ 57. Kh3 Rh2+ 58. Kg4 Be5 59.
Ra3 Rg2+ 60. Kh3 Rg1 61. Rf3 Kd5 62. Ra3 Ke4 63. Ra4+ Kf5 64. Ra3 Rh1+ 65. Kg2
Rh2+ 66. Kg1 Rxh4 67. Ra5 Rg4+ 68. Kf2 Rxg5 69. Rb5 Rg4 70. Ra5 Rb4 71. Ra8 Rb3
72. Rf8+ Bf6 73. Ra8 g5 74. Rf8 g4 0-1

[Event "6. Lovsprings EMT Basis 1 1994"]
[Site "Ringsted"]
[Date "1994.04.24"]]
[Round "4"]
[White "Dongart, Dennis"]
[Black "Jorgensen, Lars"]
[Result "1-0"]
[WhiteElo "1886"]
[BlackElo "1748"]
[PlyCount "81"]
[EventDate "1994.??.??"]

1. e4 c5 2. Nf3 e6 3. d4 cxd4 4. Nxd4 Nf6 5. Bd3 Nc6 6. Be3 d5 7. Nxc6 bxc6 8.
exd5 cxd5 9. O-O Bd6 10. Nd2 O-O 11. c4 e5 12. c5 Bc7 13. Bg5 e4 14. Be2 Be5
15. Qc2 Qc7 16. Kh1 Bxh2 17. Bxf6 gxf6 18. g3 Bxg3 19. fxg3 Kh8 20. Qc3 Qe5 21.
Qxe5 fxe5 22. b4 f5 23. b5 f4 24. gxf4 exf4 25. a4 f3 26. Nxf3 Bh3 27. Rf2 Bg4
28. Raf1 Bh3 29. Rg1 Rf6 30. Rg3 Be6 31. Kg1 Raf8 32. Rf1 exf3 33. Rfxf3 d4 34.
Rxf6 Rxf6 35. b6 axb6 36. cxb6 Bd5 37. a5 Bb7 38. Rb3 Rd6 39. a6 Bxa6 40. Bxa6
Rd8 41. b7 1-0